Flat roof coverings (Record no. 112846)

MARC details
000 -LEADER
fixed length control field 01163cad a22002535a 4500
001 - CONTROL NUMBER
control field L154112
008 - FIXED-LENGTH DATA ELEMENTS--GENERAL INFORMATION
fixed length control field 111014s2011 xxk f 000 0 eng d
020 ## - INTERNATIONAL STANDARD BOOK NUMBER
International Standard Book Number 9781842197202
035 ## - SYSTEM CONTROL NUMBER
System control number (Sirsi) u154112
041 0# - LANGUAGE CODE
Language code of text/sound track or separate title eng
050 04 - LIBRARY OF CONGRESS CALL NUMBER
Classification number 695 $2 20
110 2# - MAIN ENTRY--CORPORATE NAME
Corporate name or jurisdiction name as entry element Royal Institution of Chartered Surveyors
9 (RLIN) 4900
245 00 - TITLE STATEMENT
Title Flat roof coverings
Medium [electronic resource]
250 ## - EDITION STATEMENT
Edition statement 2nd ed.
260 ## - PUBLICATION, DISTRIBUTION, ETC.
Place of publication, distribution, etc. Coventry
Name of publisher, distributor, etc. RICS
Date of publication, distribution, etc. 2011
490 #0 - SERIES STATEMENT
Series statement RICS Practice Standards UK
490 #0 - SERIES STATEMENT
Series statement RICS Information Paper
Volume/sequential designation (IP 24/2011)
520 ## - SUMMARY, ETC.
Summary, etc. This publication provides information on the diagnosis, remedy and prevention of failures in a variety of existing flat roof weathering materials, both continuously supported roof coverings and rigid sheets. Reference is also made to the various features commonly encountered and their associated faults.
590 ## - LOCAL NOTE (RLIN)
Local note KA
651 #4 - SUBJECT ADDED ENTRY--GEOGRAPHIC NAME
Geographic name United Kingdom
Chronological subdivision
690 ## - LOCAL SUBJECT ADDED ENTRY--TOPICAL TERM (OCLC, RLIN)
Topical term or geographic name as entry element BUILT ENVIRONMENT-BUILDING ELEMENTS-COMPLETE BUILDING ELEMENTS-ROOFS
856 40 - ELECTRONIC LOCATION AND ACCESS
Uniform Resource Identifier <a href="https://www.rics.org/Global/Flat_roof_coverings_2nd_edition_PGguidance_2011.pdf">https://www.rics.org/Global/Flat_roof_coverings_2nd_edition_PGguidance_2011.pdf</a>
Public note View this document online for free at www.rics.org (member-only access).
942 ## - ADDED ENTRY ELEMENTS (KOHA)
Suppress in OPAC 0
Holdings
Withdrawn status Lost status Source of classification or shelving scheme Damaged status Not for loan Home library Current library Shelving location Date acquired Total Checkouts Full call number Barcode Date last seen Copy number Price effective from Koha item type
    Dewey Decimal Classification     London London Books 23/11/2011   RICS 2011/51 30079583 06/08/2019 2 06/08/2019 Book
    Dewey Decimal Classification     London London Books 23/11/2011   RICS 2011/51 30079587 06/08/2019 4 06/08/2019 Book
    Dewey Decimal Classification     London London Books 23/11/2011   RICS 2011/51 30079606 06/08/2019 1 06/08/2019 Book
    Dewey Decimal Classification     Virtual Virtual Online 14/10/2011   ONLINE PUBLICATION 154112-2001 06/08/2019 1 06/08/2019 Book